| 000 | 02852nam0a2200385 4500 | ||
|---|---|---|---|
| 001 | RU\NLR\BIBL_A\012887093 | ||
| 005 | 20221115144257.0 | ||
| 010 |
_a978-5-906858-71-9 _9200 |
||
| 021 |
_aRU _bКН-П-22-048377 _9КН-П-22-4195 |
||
| 035 | _a(NLR Aleph) 012887093 | ||
| 035 | _a(RuMoRGB)011153759 | ||
| 090 |
_a12538786 _c12538786 |
||
| 100 | _a20220913d2022 m y0rusy50 ca | ||
| 101 | 0 | _arus | |
| 102 | _aRU | ||
| 105 | _aac z 000zy | ||
| 200 | 1 |
_aЯ суеверный моряк _eруководство по соблюдению морских суеверий _fКаланов Николай |
|
| 210 |
_aМосква _cГоризонт _d2022 |
||
| 215 |
_a349 с. _cил., портр. _d23 |
||
| 300 | _aНа тит. с. и обл. загл.: Я не суеверный моряк. Предлог "не" зачеркнут | ||
| 320 | _aДр. кн. авт. на 4-й с. обл. | ||
| 330 | _aВ книге подробно объясняется происхождение более тысячи морских суеверий, поверий и примет, описаны действия, которые необходимо совершать морякув разныхусловиях, чтобы соблюсти или обезвредить морские суеверия. Только из этой книги вы сможете получить чёткие инструкции, как должен вести себя моряк при встрече с кораблём-призраком "Летучим Голландцем". огнями "Святого Эльма" или соблазнительницей-русалкой. Как правильно выбрать "крёстную" мать, подготовить бутылку шампанского для крещения судна и переименовывать судно? Как моряк должен реагировать на такие природные явления, как гало, голубая луна, радуга, смерч? Какие татуировки сохранят моряка от гибели в морской пучине и как грамотно расшифровывать корабельные сновидения? | ||
| 333 | _a16+ | ||
| 517 | 1 | _aЯ не суеверный моряк | |
| 606 | 1 |
_aСуеверия _2nlr_sh1 _2nlr_sh2 _3RU\NLR\AUTH\66906577 |
|
| 606 | 1 |
_aМорское дело _2nlr_sh1 _2nlr_sh2 _3RU\NLR\AUTH\66210975 |
|
| 675 |
_a821.161.1-32 _v4 |
||
| 686 |
_a84(2=411.2)6-44 _2rubbks |
||
| 686 | 2 | _aШ6(2=Р)8-461 | |
| 700 | 1 |
_aКаланов _bН. А. _f1956- _gНиколай Александрович |
|
| 942 | _cBOOK | ||
| 980 | _aNB | ||